Around the Coastline of the Americas Quiz Stats

 Plays Quiz Updated Nov 7, 2015

Challenge
Share
Tweet
Embed
Score 0/35 Timer 04:00
17 Plays Today
Country % Correct
Canada
100%
United States
95%
Mexico
94%
Belize (Ambergris Caye)
82.2%
Panama
62.1%
Honduras
60.8%
Guatemala
60.6%
Colombia
60.2%
Costa Rica
59.9%
Nicaragua
59.8%
Venezuela
59.8%
Brazil
59.1%
Suriname
58.7%
Guyana
58.6%
Chile
58.4%
Argentina
58.4%
Peru
57.8%
Uruguay
57.5%
Country % Correct
Ecuador
56.6%
Colombia
55%
Panama
54.9%
Costa Rica
53.7%
Mexico
53.4%
France (French Guiana)
53.2%
Nicaragua
52.8%
Honduras
52.2%
Mexico
51.9%
El Salvador
51.6%
United States
51.5%
Canada
51.1%
United States (Point Roberts)
50.8%
Guatemala
50.7%
Belize
50.5%
United States (Alaska)
47.4%
Canada
46.8%

You're not logged in!

Compare scores with friends on all Sporcle quizzes.
OR
Log In

You Might Also Like...

Show Comments

Extras

Top Quizzes Today


Score Distribution

Your Account Isn't Verified!

In order to create a playlist on Sporcle, you need to verify the email address you used during registration. Go to your Sporcle Settings to finish the process.

Report this User

Report this user for behavior that violates our Community Guidelines.

Details: